| 000 | nam a22 a 4500 | ||
|---|---|---|---|
| 999 |
_c1925 _d1925 |
||
| 005 | 20170512121429.0 | ||
| 008 | 170512b1977 ||||| |||| 00| 0 eng d | ||
| 020 | _a0316456896 | ||
| 040 | _aAKMAL | ||
| 100 | 1 |
_aJames, Fleming. _94000 |
|
| 245 | 1 | 0 | _aCivil Procedure. |
| 250 | _a2nd Edition | ||
| 260 |
_a [S.l.] : _bLittle, _c1977. |
||
| 300 | _ccm | ||
| 599 | _aDALAM PROSES | ||
| 852 | 4 |
_aBritish Library _b DSC |
|
| 942 |
_2ddc _cBOOK |
||